Statistics for Ballon d'or 2018

Click here to take the quiz!

General Stats

  • This quiz has been taken 87 times
  • The average score is 19 of 30

Answer Stats

PlacePlayer% Correct
5Messi
100%
2Ronaldo
100%
1Modric
99%
12Neymar
93%
4Mbappe
90%
22Mane
85%
6Salah
85%
3Griezmann
80%
17Benzema
79%
19Ramos
75%
17Bale
71%
11Kante
71%
15Pogba
70%
7Varane
70%
9De Bruyne
68%
13Suarez
68%
8Hazard
63%
10Kane
61%
29Lloris
56%
19Firmino
55%
22Marcelo
54%
22Cavani
53%
14Courtois
53%
16Aguero
51%
19Rakitic
41%
29Isco
34%
25Oblak
30%
25Mandzukic
29%
25Allison
20%
28Godin
18%

Score Distribution

Percentile by Number Answered

Percent of People with Each Score

Your Score History

You have not taken this quiz